000 00331nam a22001457a 4500
008 230717b ||||| |||| 00| 0 eng d
020 _a9780321882578
041 _aeng
080 _a51
082 _a51ALM
100 _a23
101 _aMATEM
245 _aMATH LIT A PATHWAY TO COLLEGE MATHEMATICS
_cALMY .K
942 _2udc
_cBK
999 _c60149
_d60149